Library Logo

Pioneer International University Library Catalogue

MTAALA WA DARAJA YA JUU YA SHULE ZA UPILI (Record no. 10008)

MARC details
000 -LEADER
fixed length control field 00446nam a22001577a 4500
003 - CONTROL NUMBER IDENTIFIER
control field OSt
005 - DATE AND TIME OF LATEST TRANSACTION
control field 20260401074124.0
008 - FIXED-LENGTH DATA ELEMENTS--GENERAL INFORMATION
fixed length control field 260401b |||||||| |||| 00| 0 eng d
020 ## - INTERNATIONAL STANDARD BOOK NUMBER
International Standard Book Number 9789914529302
Terms of availability Available
Qualifying information Main Library
040 ## - CATALOGING SOURCE
Transcribing agency KICD
050 ## - LIBRARY OF CONGRESS CALL NUMBER
Classification number PL 8701 .K46 2025
245 ## - TITLE STATEMENT
Title MTAALA WA DARAJA YA JUU YA SHULE ZA UPILI
Remainder of title GREDI10, KISWAHII LUGHA
Statement of responsibility, etc. KICD
250 ## - EDITION STATEMENT
Edition statement 1ST Ed
260 ## - PUBLICATION, DISTRIBUTION, ETC.
Place of publication, distribution, etc. Nairobi, Kenya
Name of publisher, distributor, etc. KICD
Date of publication, distribution, etc. 2025
942 ## - ADDED ENTRY ELEMENTS (KOHA)
Source of classification or shelving scheme Dewey Decimal Classification
Koha item type Books
Suppress in OPAC No
Holdings
Withdrawn status Lost status Source of classification or shelving scheme Damaged status Not for loan Home library Current library Date acquired Total checkouts Barcode Date last seen Price effective from Koha item type
    Library of Congress Classification     PIU Library PIU Library 04/01/2026   PIUKICD1034 04/01/2026 04/01/2026 Books